00975nam a2200205 i 450000100060000000300090000600500170001500700030003200800410003511000610007624502910013726000610042830000210048950000880051071000610059871000340065985200260069385200240071985200260074325971ES-MaACL20250831121726.0t|030107s1882 sp ||||1| spa d2 aAsociación para la Reforma de los Aranceles de Aduanas10aMeeting celebrado en el Teatro de la Comedia el día 21 de mayo de 1882b: tema: urgencia del levantamiento de la supensión de la base 5ª de la ley arancelaria: necesidad de decretar la libre importación de aranceles... /cAsociación para la Reforma de los Aranceles de Aduanas. aMadrid : b[s.n., c1882] (fImp. de Enrique de la Riva) a71 p. ; c22 cm. aPrecede al tít.: Asociación para la Reforma Liberal de los Aranceles de Auanas.2 aAsociación para la Reforma de los Aranceles de Aduanas2 aTeatro de la Comedia (Madrid) aES-MaACLjFol-Laf-272 aES-MaACLjT-372-F-8 aES-MaACLjFol-Laf-283